000 01224nam a2200193 a 4500
008 120416s1959 ||||||||||||||||| || u
050 _aBF 173 Fre
100 _aFreud, Sigmund, 1856-1939
245 1 0 _aCollected papers
246 _aauthorised translation under the supervision ...
260 _aNew York
_c1959
350 _a0.00
650 _aPHILOSOPHY
995 _aANNEX COLLECTION (Main Library)
_D0.00
_e709800
_FCBU-MAIN LIBRARY (Kitwe)
_H3
_I0.00
_jBF 173 Fre
_M3
_UAVAILABLE
_WMay 15, 2006
_y000970
_ZAnnex Low-Usage Collection
995 _aANNEX COLLECTION (Main Library)
_D0.00
_e709797
_FCBU-MAIN LIBRARY (Kitwe)
_H5
_I0.00
_jBF 173 Fre
_M5
_UAVAILABLE
_WMay 15, 2006
_y000967
_ZAnnex Low-Usage Collection
995 _aANNEX COLLECTION (Main Library)
_D0.00
_e709798
_FCBU-MAIN LIBRARY (Kitwe)
_H2
_I0.00
_jBF 173 Fre
_M2
_UAVAILABLE
_WMay 15, 2006
_y000968
_ZAnnex Low-Usage Collection
995 _aANNEX COLLECTION (Main Library)
_D0.00
_e709799
_FCBU-MAIN LIBRARY (Kitwe)
_H1
_I0.00
_jBF 173 Fre
_M1
_UAVAILABLE
_WMay 15, 2006
_y000969
_ZAnnex Low-Usage Collection
995 _aANNEX COLLECTION (Main Library)
_D0.00
_e709796
_FCBU-MAIN LIBRARY (Kitwe)
_H4
_I0.00
_jBF 173 Fre
_M4
_UAVAILABLE
_WMay 15, 2006
_y000966
_ZAnnex Low-Usage Collection
999 _c79444
_d79444